| 000 | 00806nam a22002177a 4500 | ||
|---|---|---|---|
| 999 |
_c16955 _d16955 |
||
| 003 | AR-CdUCM | ||
| 008 | 190307b ||||| |||| 00| 0 spa d | ||
| 040 |
_aMUNICIPALIDAD PROVINCIAL DEL CUSCO _cBIBLIOTECA MUNICIPAL DEL CUSCO |
||
| 082 |
_22ed. _a792 / _bB25 |
||
| 100 |
_aBaty, Gaston _911970 |
||
| 245 | _aEl Arte Teatral / | ||
| 260 |
_aMéxico : _bFondo de Cultura Económica ; _c1955. |
||
| 300 |
_a306 páginas ; _bilustraciones, fotografías, _c17cm. |
||
| 440 |
_aBreviarios _n45 _911971 |
||
| 505 | _aContenido: Orígenes -- Las resonancias del teatro griego -- El teatro cristiano -- El humanismo y la reforma -- El despertar de la imaginación... | ||
| 650 |
_aTeatro _9173 |
||
| 650 |
_aArte _9561 |
||
| 700 |
_aChavance, René _911972 |
||
| 942 |
_2ddc _cLIBROS |
||
| 945 |
_arjall _d2019-05-06 |
||